01096nam a2200193Ia 4500001001000000003001000010008004100020040002500061041001400086100002800100245001500128250001100143260006400154300001200218500026200230501011400492520026200606650003400868L235-7735IT-CnALBA170116s9999||||xx |||||||||||||| ||und|| aIT-CnALBAcIT-CnALBA aBILINGUE  aBEA AGOSTINO, CARDINALE 0aMARIANUM.  a1a ed. a ROMAbPONTI. FAC. TEOL. SERVI DI M. c1953 [1° Ed.: n.d.] a112 p.  aMARIA NEL PROTOVANGELO. MATERNITÀ DIVINA E SPIRITUALE DI MARIA. LA MADONNA NELLA TEOLOGIA DELL'APOSTOLATO. PATTO DI MISERICORDIA SECONDO LA LETTERATURA ETIOPE. RECENSIONI. CRONACA E MISCELLANEA. COAUTORI: GEENEN G., HAILU GABRIEL JESUS, QUINN E. W. RIVIST aSocietà San Paolo EM - Piazza San Paolo, 14 - 12051 ALBA (CN) (non commercial uses only) ® Copyright 2017 aMARIA NEL PROTOVANGELO. MATERNITÀ DIVINA E SPIRITUALE DI MARIA. LA MADONNA NELLA TEOLOGIA DELL'APOSTOLATO. PATTO DI MISERICORDIA SECONDO LA LETTERATURA ETIOPE. RECENSIONI. CRONACA E MISCELLANEA. COAUTORI: GEENEN G., HAILU GABRIEL JESUS, QUINN E. W. RIVIST aMARIA SS. ANGELI SANTI DEMONI